header

Proceedings of the 7th International Conference on Advanced Technology & Particle Physics (Record no. 119583)

MARC details
000 -LEADER
fixed length control field 01544nam a22003374a 4500
082 04 - DEWEY DECIMAL CLASSIFICATION NUMBER
Classification number 539.7/028/4
245 10 - TITLE STATEMENT
Title Proceedings of the 7th International Conference on Advanced Technology & Particle Physics
260 ## - PUBLICATION, DISTRIBUTION, ETC. (IMPRINT)
Place of publication River Edge, NJ :
Name of publisher World Scientific,
Year of publication c2002.
300 ## - PHYSICAL DESCRIPTION
Number of Pages xiii, 846 p. :
Other physical details ill.
650 #0 - SUBJECT ADDED ENTRY--TOPICAL TERM
Topical Term Nuclear physics
Topical Term Particles (Nuclear physics)
Topical Term Nuclear counters
700 1# - ADDED ENTRY--PERSONAL NAME
Personal name Barone, M.
856 40 - ELECTRONIC LOCATION AND ACCESS
Uniform Resource Identifier http://site.ebrary.com/lib/rucke/Doc?id=10201282

No items available.

© 2026 Rongo University
Contact us: librarian | system librarian | Rongo university